| 000 | 00000nam##2200000za#4500 |
| 001 | 9.620767 |
| 003 | CaOODSP |
| 005 | 20240212134142 |
| 007 | ta |
| 008 | 150406|1992||||xxc||||| f|0| 0 fre|d |
| 020 | |a0-662-98015-8 |
| 022 | |a1713-0646 |
| 040 | |aCaOODSP|bfre |
| 043 | |an-cn--- |
| 086 | 1 |aNE22-1/1992-18F |
| 110 | 1 |aCanada. |bOffice national de l'énergie. |
| 245 | 10|aRelativement à: BP Ressources Canada Limited; Kamine Beaver Falls Cogen Co., Inc., à titre d'associé gérant de la Kamine/Besicorp Beaver Falls L.P.; Kamine Syracuse Cogen Co., Inc., à titre d'associé gérant de la Kamine/Besicorp Syracuse L.P.; Western Gas Marketing Limited: demandes de licences d'exportation de gaz naturel déposées conformément à la partie VI de la Loi sur l'Office national de l'énergie; et relativement à FSC Resources Limited, Saranac Power Partners, L.P. et Shell Canada Limitée : |bdemande déposée aux termes des parties I et VI de la Loi sur l'Office national de l'énergie en vue d'obtenir le transfert d'une licence d'exportation de gaz naturel, sinon l'octroi d'une nouvelle licence d'exportation |
| 260 | |aCalgary - Alberta : |bOffice national de l'énergie |cDécembre 1992. |
| 300 | |a56p. : |bgraphiques, tableaux ; |c28 cm. |
| 490 | 1 |aMotifs de décision|x1713-0646 |
| 563 | |aCouverture souple |
| 691 | 07|aIndustrie pétrolière|2gcpds |
| 775 | 08|tIn the matter of: BP Resources Canada Limited; Kamine Beaver Falls Cogen Co., Inc., as managing general partner of Kamine/Besicorp Beaver Falls L.P.; Kamine Syracuse Cogen Co., Inc., as managing general partner of Kamine/Besicorp Syracuse L.P.; Western Gas Marketing Limited: applications pursuant to Part VI of the National Energy Board Act for licences to export natural gas; and, FSC Resources Limited, Saranac Power Partners L.P., and Shell Canada Limited : |w(CaOODSP)9.608680 |
| 776 | 0#|tMotifs de décision relativement à BP Resources Canada Limited, Kamine Beaver Falls Cogen Co., Inc., à titre d'associé gérant de la Kamine/Besicorp Beaver Falls L.P., Kamine Syracuse Cogen Co., Inc., à titre d'associé gérant de la Kamine/Besicorp Syracuse L.P., Western Gas Marketing Limited ... et relativement à FSC Resources Limited, Saranac Power Partners, L.P. et Shel Canada Limitée : |w(CaOODSP)9.602721 |
| 830 | #0|aMotifs de décision (Canada. Office national de l'énergie)|x1713-0646|w(CaOODSP)9.513162 |
| 986 | |aGH-5-92 |